Loreto College Library, Kolkata
WEBOPAC (ONLINE PUBLIC ACCESS CATALOGUE)

Aryans, Jews, Brahmins: (Record no. 42251)

MARC details
000 -LEADER
fixed length control field 00739nam a22002417a 4500
005 - DATE AND TIME OF LATEST TRANSACTION
control field 20190713130731.0
008 - FIXED-LENGTH DATA ELEMENTS--GENERAL INFORMATION
fixed length control field 190713b xxu||||| |||| 00| 0 eng d
020 ## - ISBN | অাই এস বি এন
ISBN | অাই এস বি এন 9788189059712
PRICE Rs 295
040 ## - CATALOGING SOURCE
Language of cataloging eng
041 ## - LANGUAGE CODE
Language code English
082 ## - DDC | ডিউই
Classification number | বর্গসংখ্যা 305.5122
Book Number | গ্রন্থাঙ্ক FIG
100 ## - MAIN ENTRY--PERSONAL NAME | মুখ্য সংলেখ - ব্যাক্তিনাম
Personal name | ব্যাক্তিনাম Figueira, Dorothy M
Dates of Birth / Death | জন্ম / মৃত্যু সন 1955-
Fuller form of name | পূর্ণনাম Dorothy Matilda Figueira
245 ## - TITLE STATEMENT | অাখ্যা বিবরণী
Title | অাখ্যা Aryans, Jews, Brahmins:
Sub title | উপঅাখ্যা Theorizing authority through myths of identity
Statement of responsibility | লেখকের দায়িত্বের বিবরণ Dorothy M Figueira
260 ## - IMPRINT | প্রকাশনা ক্ষেত্র
Place of publication | প্রকাশ স্থান New Delhi
Name of publisher | প্রকাশকের নাম Navayana Publishing Pvt. Ltd.
Date of publication | প্রকাশ কাল 2015
300 ## - PHYSICAL DESCRIPTION |
Page / Vol. No | পৃষ্ঠা / খন্ড সংখ্যা xi,205p
Other physical details | অনান্য বাহ্যিক বিবরণ 21 cm
504 ## - BIBLIOGRAPHY, ETC. NOTE
Bibliography, etc Includes bibliographic references and index
650 ## - SUBJECT ADDED ENTRY--TOPICAL TERM | বিষয় শিরোনাম - মূল বিষয়
Topical term | মূল বিষয় Castes in India
650 ## - SUBJECT ADDED ENTRY--TOPICAL TERM | বিষয় শিরোনাম - মূল বিষয়
Topical term | মূল বিষয় Civilization
650 ## - SUBJECT ADDED ENTRY--TOPICAL TERM | বিষয় শিরোনাম - মূল বিষয়
Topical term | মূল বিষয় Indo-Aryans
650 ## - SUBJECT ADDED ENTRY--TOPICAL TERM | বিষয় শিরোনাম - মূল বিষয়
Topical term | মূল বিষয় Antisemitism
850 ## - HOLDING INSTITUTION
Holding institution LCLIB
942 ## - ADDED ENTRY ELEMENTS (KOHA)
Koha item type Books
Holdings
Withdrawn status Lost status Source of classification Damaged status Not for loan Home library Current library Date acquired Price Total Checkouts Full call number Accession No. Date last seen Price effective from Koha item type
    Dewey Decimal Classification     Loreto College Loreto College 13/07/2019 295.00   305.5122 FIG 53223 46274 13/07/2019 13/07/2019 Books